000 00301nam a22001337a 4500
008 170612b xxu||||| |||| 00| 0 eng d
020 _a9781403976642
041 _aeng
080 _a328
100 _a19
101 _aSHP
245 _aTHE IRAN THREAT PRESIDENT
_cJAFARZADER.A
942 _2udc
_cBK
999 _c16934
_d16934